| 000 | 00970nam a2200337 a 4500 | ||
|---|---|---|---|
| 001 | 6845 | ||
| 003 | FISKH | ||
| 005 | 20260319105932.0 | ||
| 008 | 981208s1997 nyua a 000 1 eng | ||
| 010 | _a 98228579 | ||
| 020 | _a0590115073 | ||
| 040 |
_aDLC _cDLC _beng |
||
| 050 | _aPZ8.W4215 W | ||
| 082 | _a570 | ||
| 100 | 1 | _aWeinberger, Kimberly. | |
| 245 | 1 | 0 |
_aWinter is here! / _cby Kimberly Weinberger ; illustrated by Jill Dubin. |
| 260 |
_aNew York : _bScholastic, _c1997. |
||
| 300 |
_a16 unnumbered pages : _bcolor illustrations ; _c23 cm |
||
| 500 | _a"Cartwheel books." | ||
| 505 | _aC | ||
| 520 | _aChildren are playing outside in the snow. | ||
| 521 | 8 |
_a150
_bLexile |
|
| 521 | 8 |
_aC
_bRaz-Plus |
|
| 650 | 1 |
_aWinter _xFiction. |
|
| 650 | 1 |
_aSnow _xFiction. |
|
| 650 | 1 | _aStories in rhyme. | |
| 700 | 1 |
_aDubin, Jill, _eillustrator |
|
| 906 |
_a7 _bcbc _corignew _d3 _encip _f19 _gy-gencatlg |
||
| 942 |
_2ddc _cBK _n0 |
||
| 999 |
_c6845 _d6845 |
||